01258nam a2200373 i 450000100060000000300090000600500170001500800390003201500170007104000410008804600090012908000110013808000110014908000120016010000380017224500500021026000550026030000520031538000170036738000270038438500390041138800140045049000480046450400340051258000230054665800280056965500300059765000160062765000290064365000250067271000410069785600980073883000480083647006KOSZ 00520221117143956.0040519s1976 pl a f 001 0 pol aPB 1976/6965 aWA NcWA NdKOSZ 005/RWdKOSZ 005/HR k1976 a621.37 a621.38 a(075.8)1 aGolde, Wiktord(1921-1983)eAutor10aUkłady elektroniczne.nT. 2 /cWiktor Golde. aWarszawa :bWydawnictwa Naukowo-Techniczne,c1976. a449, [3] s. :bil., tab., wykr., err. ;c24 cm. aKsiążki. aPublikacje dydaktyczne mPoziom nauczaniaaSzkoły wyższe a1901-20001 aPodręczniki Akademickie. Elektrotechnika. aBibliogr. przy rozdz. Indeks. aT. 1 poz. 6740/70. aInżynieria i technika 4aPodręczniki akademickie 4aElektronika 4aUrządzenia elektryczne 4aUkład elektroniczny2 aWydawnictwa Naukowo-Techniczne4pbl. uhttp://koha.tu.koszalin.pl/cgi-bin/koha/opac-detail.pl?biblionumber=47006yKatalog online BPK 0aPodręczniki Akademickie.pElektrotechnika